|
|
|
|
| LEADER |
00000nam a2200000 a 4500 |
| 001 |
vtls001087432 |
| 003 |
SK-MaSNL |
| 005 |
20260301183039.0 |
| 008 |
240314s1985 xo 0 slo |
| 015 |
|
|
|a SNBA1986/04
|
| 020 |
|
|
|c 6,50 Kčs. (400 výtl.)
|
| 035 |
|
|
|a SNK000030272
|
| 040 |
|
|
|a SNK
|b slo
|c SNK
|e AACR2
|
| 041 |
0 |
|
|a slo
|
| 044 |
|
|
|a xo
|c SK
|
| 080 |
|
|
|a 621.317.3(075.8)(076.5)
|2 1981
|
| 100 |
1 |
|
|a Mojžiš, Miroslav,
|d 1942-
|4 aut
|9 201300
|
| 245 |
1 |
0 |
|a Návody z elektrického merania
|n 2
|c Miroslav Mojžiš, Anna Katuščáková
|
| 250 |
|
|
|a 1. vyd.
|
| 260 |
|
|
|a Bratislava
|b Alfa
|c 1985
|e Bratislava
|f Západoslovenské tlačiarne
|
| 300 |
|
|
|a 105 s., 6,62 AH
|b Tb. Sch. Grafy.
|c 29 cm
|
| 500 |
|
|
|a Preruš. str. 2 voľné listy a 12 zložiek v preb. Schválil Rektorát VŠT v Košiciach.
|
| 650 |
0 |
7 |
|a eletrické merania
|2 SNKPH
|9 557772
|
| 650 |
0 |
7 |
|a praktické cvičenia
|2 SNKPH
|9 276394
|
| 655 |
|
7 |
|a učebnice vysokých škôl
|2 SNKPH
|9 70191
|
| 700 |
1 |
|
|a Katuščáková, Anna,
|d 1939-
|4 aut
|9 121635
|
| 958 |
|
|
|a OND
|
| 958 |
|
|
|a TL
|
| 958 |
|
|
|a UV
|
| 999 |
|
|
|c 855689
|d 857619
|
| 952 |
|
|
|a SNK
|b SNK
|y PREZ
|7 0
|p 17A0821411
|o snkSB 40001/2
|i snkKSP 367/86
|0 0
|1 0
|4 0
|d 2012-05-01
|f 1
|l 0
|r 2025-04-24 00:00:00
|w 2026-02-24
|
| 952 |
|
|
|t P60, <04>, [BOOK], {604}
|a SNK
|b SNK
|y VYP
|7 0
|p 17A0205554
|o snkSB 40001/2 D1
|i snkKSP 368/86
|0 0
|1 0
|4 0
|d 1999-08-09
|l 0
|r 2004-12-31 00:00:00
|w 2026-02-24
|